Statistics for Battle to Country

Click here to take the quiz!

General Stats

  • This quiz has been taken 8,973 times
  • The average score is 14 of 20

Answer Stats

Battle Year Country % Correct
Stalingrad1942-43Russia
98%
Iwo Jima1945Japan
92%
Dien Bien Phu1954Vietnam
90%
Fallujah2004Iraq
88%
Hastings1066United Kingdom
84%
Waterloo1815Belgium
82%
Thermopylae480 B.C.Greece
80%
Jutland1916Denmark
78%
Inchon1950South Korea
77%
Gallipoli1915-16Turkey
74%
El Alamein1942Egypt
73%
Agincourt1415France
70%
Teutoburg Forest9 A.D.Germany
67%
Trafalgar1805Spain
57%
Antietam1862United States
55%
Cannae216 B.C.Italy
51%
San Juan Hill1898Cuba
48%
Austerlitz1805Czech Republic
41%
Leyte Gulf1944Philippines
37%
Guadalcanal1942-43Solomon Islands
34%

Score Distribution

Percentile by Number Answered

Percent of People with Each Score

Your Score History

You have not taken this quiz